Σελίδες στην οθόνη ή σε χαρτί : (το μέλλον της ανάγνωσης)

Αποθηκεύτηκε σε:
Λεπτομέρειες βιβλιογραφικής εγγραφής
Άλλοι συγγραφείς: Δαρδανός, Γιώργος Ε. (Επιμελητής έκδοσης), Παυλόπουλος, Προκόπης, 1950- (Συγγραφέας εισαγωγής κ.λπ.)
Μορφή: Βιβλίο
Γλώσσα:Greek
Δημοσίευση: Αθήνα : Gutenberg, 2019, c2010.
Έκδοση:2η έκδ. συμπληρ.
Σειρά:Βιβλία για το βιβλίο (Gutenberg)
Θέματα:
Ετικέτες: Προσθήκη ετικέτας
Δεν υπάρχουν, Καταχωρήστε ετικέτα πρώτοι!

MARC

LEADER 00000cam a2200000 a 4500
001 1/119036
008 190605t20192010gr | ||| |||| ||gre||
020 |a 97899600113426 
040 |a GR-MyUa  |b gre  |c GR-MyUa  |e AACR2 
041 0 |a gre 
082 7 |a 002   |2 (23) 
245 0 0 |a Σελίδες στην οθόνη ή σε χαρτί :   |b (το μέλλον της ανάγνωσης) /   |c συλλογή κειμένων-επιμέλεια: Γιώργος Ε. Δαρδανός ; πρόλογος: Προκόπιος Παυλόπουλος.  
250 |a 2η έκδ. συμπληρ.  
260 |a Αθήνα :   |b Gutenberg,   |c 2019, c2010.  
300 |a 426 σ. ;   |c 23 εκ.  
490 1 |a (Βιβλία για το βιβλίο / Gutenberg) 
500 |a Περιέχει υποσημειώσεις.  
504 |a Περιλαμβάνει βιβλιογραφικές παραπομπές.  
650 0 |a Books and reading  |z Greece. 
650 0 |a Electronic books. 
650 0 |a Book industries and trade. 
700 1 |a Δαρδανός, Γιώργος Ε.  |e edt 
700 1 |a Παυλόπουλος, Προκόπης,   |d 1950-  |e aui 
830 0 |a Βιβλία για το βιβλίο (Gutenberg) 
852 |a INST  |b RHODES  |e 20190605  |h 002 ΣΕΛ  |p 005400040875  |q 005400040875  |t BK  |y 0 
970 |a Μαρία  |b Κωτάκου  |z 05-06-2019